Catálogo
 En Linea

Curso elemental de estudios agro-pecuarios por correspondencia. (Registro nro. 27131)

Detalles MARC
000 -CABECERA
campo de control de longitud fija 00810nam a2200217 a 4500
001 - NÚMERO DE CONTROL
campo de control 000027639
003 - IDENTIFICADOR DEL NÚMERO DE CONTROL
campo de control OSt
005 - FECHA Y HORA DE LA ÚLTIMA TRANSACCIÓN
campo de control 20201105102927.0
008 - DATOS DE LONGITUD FIJA--INFORMACIÓN GENERAL
campo de control de longitud fija 110404s1935 dr r 000 0 spa d
040 ## - FUENTE DE LA CATALOGACIÓN
Centro catalogador/agencia de origen DO-SdBNP
Lengua de catalogación spa
Centro/agencia transcriptor BNPHU
082 #4 - NÚMERO DE LA CLASIFICACIÓN DECIMAL DEWEY
Número de clasificación 630.715
Número de documento/Ítem C977e
245 10 - MENCIÓN DE TÍTULO
Título Curso elemental de estudios agro-pecuarios por correspondencia.
260 ## - PUBLICACIÓN, DISTRIBUCIÓN, ETC.
Lugar de publicación, distribución, etc. [Santo Domingo], :
Nombre del editor, distribuidor, etc. Secretaría de Estado de Trabajo, Agricultura, Industria y Comercio
Fecha de publicación, distribución, etc. 1935.
300 ## - DESCRIPCIÓN FÍSICA
Extensión 1v.
Dimensiones 24 cm.
500 ## - NOTA GENERAL
Nota general Varios fascículos encuadernados juntos : números 65-93; lección 1 a 29
590 ## - NOTA LOCAL (RLIN)
Nota local Inventariado, 2018/ YL
650 #4 - PUNTO DE ACCESO ADICIONAL DE MATERIA--TÉRMINO DE MATERIA
Término de materia o nombre geográfico como elemento de entrada Agricultura
Subdivisión general Enseñanza
Subdivisión geográfica República Dominicana
9 (RLIN) 77157
650 #4 - PUNTO DE ACCESO ADICIONAL DE MATERIA--TÉRMINO DE MATERIA
Término de materia o nombre geográfico como elemento de entrada Pecuaria
Subdivisión general Enseñanza
Subdivisión geográfica República Dominicana
9 (RLIN) 77158
910 ## - DATOS DE OPCIÓN DEL USUARIO (OCLC)
Datos de opción del usuario Validado. Control de calidad MFF
942 ## - ELEMENTOS DE PUNTO DE ACCESO ADICIONAL (KOHA)
Fuente del sistema de clasificación o colocación Dewey Decimal Classification
Tipo de ítem Koha Libro
Existencias
Estado de retiro Estado de pérdida Restricciones de uso No para préstamo Código de colección Localización permanente Ubicación/localización actual Ubicación en estantería Fecha de adquisición Número de inventario Total de préstamos Signatura topográfica completa Código de barras Fecha visto por última vez Precio válido a partir de Tipo de ítem Koha
      Excluido de préstamo Raros y valiosos Patrimonio Dominicano Patrimonio Dominicano Depósito 04.04.2011 LF1   xxxx xxxx 27639-10 25.06.2020 25.06.2020 No se presta

Con tecnología Koha